000 01314nam a2200241Ia 4500
003 Ost
005 20260507075648.0
008 260507s9999||||xx |||||||||||||| ||und||
020 _a3144249957
040 _cfsecg
041 _aara
082 _a658.40388
100 _aالسامرائي، ايمان فاضل
_eمؤلف
245 0 _aنظم المعلومات الإدارية /
_c ايمان فاضل السامرائي
260 _aعمان:
_bدار صفاء للنشر والتوزيع,
_c2004
300 _a328 صفحة؛
_bإيضاحات ؛
_c24 سم
520 _aمدخل الى نظم المعلومات والإدارة- أساسيات نظم المعلومات الإدارية- أنواع نظم المعلومات الإدارية- تكنولوجيا المعلومات والإتصالات- بناء وتطوير نظم المعلومات الإدارية- أمن النظم والمعلومات- إدارة نظم المعلومات الإدارية- مواضيع متقدمة في نظم المعلومات الإدارية.
653 _aإدارة الاعمال
653 _aنظم المعلومات الإدارية
653 _aنظم المعلومات- المؤسسة الممتدة
700 _aالزعبي، هيثم محمد
_eمؤلف ثانوي
942 _cكتاب
999 _c45538
_d45538